000 00673nam a2200241 i 4500
001 C2-0344994
003 PPAK
005 20180728145704.0
008 180117s2015 xxka|||| ||||| | eng d
020 _a9781782701750
040 _aPPAK
_beng
_cPPAK
_erda
082 0 4 _a823
_223
090 0 0 _a823
_bCLO
_dK
100 1 _aCloke, Rene,
_eauthor
245 1 0 _aWoodland stories
264 1 _aNottinghamshire :
_bAward Publications Limited ,
_c2015
300 _a93 pages :
_bcolour illustrations ;
_c27 cm
336 _2rdacontent
_atext
337 _2rdamedia
_aunmediated
338 _2rdacarrier
_avolume
650 1 0 _aChildren's stories, English.
942 _ddc
_cB
999 _c141548
_d141548